000 01329nam a22002057a 4500
005 20240724233244.0
008 s2553 th ||||| |||| 00| 0 tha d
050 _aJQ1746.Z13.S44 ศ332ก 2553
100 0 _aศักดิ์สิทธิ์ พัวทรัพย์เจริญ
245 1 0 _aการพัฒนาตนเอง : กรณีศึกษาข้าราชการสำนักงานเลขาธิการสภาผู้แทนราษฎร
260 3 _aกรุงเทพฯ :
_bมหาวิทยาลัยเกษตรศาสตร์,
_c2553
300 _a66 หน้า :
_b ตาราง ;
_c 30 ซม.
650 0 4 _aสำนักงานเลขาธิการสภาผู้แทนราษฎร -- ข้าราชการ -- การพัฒนาตนเอง -- วิจัย
650 0 4 _aมหาวิทยาลัยเกษตรศาสตร์. ปริญญาศิลปศาสตรมหาบัณฑิต (รัฐศาสตร์) -- วิทยานิพนธ์
850 _aNALT
942 _cRSH
_01
997 _aบ 23418
997 _c000000000062666
998 _aนางสุกัญญา กัลยา
999 _c62666
_d62666